000
00321nam a2200133Ia 4500
008
191201s2012 xx 000 0 und d
100
_a
BADI, R.V
245
0
_a
Production and Operations Management
250
_a
Rep
260
_a
N. Delhi
_b
Vrinda Publications
_c
2012
300
_a
666
650
_a
MBA
942
_2
ddc
_c
BK
999
_c
5382
_d
5382